Top 12 Most Common U.S. States as Last Names - Statistics

General Stats
  • This quiz has been taken 310 times
  • The average score is 8 of 12
Answer Stats
# State % Correct
177,386 Washington
91%
1,051 Georgia
83%
3,589 Maine
80%
742 Florida
72%
4,744 Montana
72%
426 Virginia
71%
1,071 Oregon
64%
2,650 Colorado
61%
454 Delaware
53%
390 Maryland
49%
360 Tennessee
45%
482 Missouri
41%
No matching quizzes found
Score Distribution
Percent of People with Each Score
Percentile by Number Answered
Your Score History
You have not taken this quiz